Květoslav Hísek dětem : [leták] : 6.1.-3.2.1982

Hlavní autor: Hísek, Květoslav, 1931-2016
Jazyk: Čeština
Vydáno: Praha : Albatros, [ca 1981]
Edice: Klub A
Témata:
Fyzický popis: 1 slož.list.
Knihy
Uloženo v:
LEADER 00688nam a22002052a 4500
001 000206633
003 CZ BrMZK
005 20210115174617.0
008 010825s1981 xr f cze d
040 |a BOA001  |b cze  |c BOA002 
100 1 |a Hísek, Květoslav,  |d 1931-2016  |7 jk01041100  |4 hnr 
245 1 0 |a Květoslav Hísek dětem :  |b [leták] : 6.1.-3.2.1982 
260 |a Praha :  |b Albatros,  |c [ca 1981] 
300 |a 1 slož.list. 
490 1 |a Klub A 
830 0 |a Klub A 
910 |a BOA001  |b PK-0092.387 
964 |a Hísek, Květoslav - činnost ilustrátorská - letáky pro děti 
990 |a BK 
996 7 |b 3119900136  |c PK-0092.387  |l MZK  |r Sklad / do 1 hodiny  |n 0  |w 000206633  |u 000010  |a 1  |e BOA001  |j MZK50  |s A